LEADER 00798nam0-22002891i-450- 001 990006514140403321 005 20001010 035 $a000651414 035 $aFED01000651414 035 $a(Aleph)000651414FED01 035 $a000651414 100 $a20001010d--------km-y0itay50------ba 101 0 $aita 105 $ay-------001yy 200 1 $aTeaching Language as Communication$fH. G. Widdowson 210 $aOxford$cOxford University Press$d1978. 215 $aXII, 168 p.$d22 cm 676 $a428 700 1$aWiddowson,$bHenry George$f<1935- >$0169151 801 0$aIT$bUNINA$gRICA$2UNIMARC 901 $aBK 912 $a990006514140403321 952 $aXV IB 53$b11826$fFSPBC 959 $aFSPBC 996 $aTeaching language as communication$9529561 997 $aUNINA DB $aGEN01 LEADER 01408nam a2200325 i 4500 001 991002457369707536 008 070522s2007 enka b 001 0 eng d 020 $a019921123X 024 3 $a9780199211234 035 $ab13530033-39ule_inst 040 $aDip.to Matematica$beng 082 0 $a515.353$222 084 $aAMS 35L45 084 $aLC QA374.B344 100 1 $aBenzoni-Gavage, Sylvie$0625777 245 10$aMultidimensional hyperbolic partial differential equations :$bfirst-order systems and applications /$cSylvie Benzoni-Gavage, Denis Serre 260 $aOxford :$bClarendon Press,$c2007 300 $axxv, 508 p. :$bill. ;$c24 cm 440 0$aOxford mathematical monographs 504 $aIncludes bibliographical references (p. [492]-503) and index 650 0$aDifferential equations, Partial 650 0$aDifferential equations, Hyperbolic 700 1 $aSerre, Denis$eauthor$4http://id.loc.gov/vocabulary/relators/aut$042659 856 41$uhttp://catdir.loc.gov/catdir/enhancements/fy0726/2007295111-t.html$zTable of contents 907 $a.b13530033$b28-01-14$c22-05-07 912 $a991002457369707536 945 $aLE013 35L BEN11 (2007)$g1$i2013000205717$lle013$op$pE88.38$q-$rl$s- $t0$u1$v0$w1$x0$y.i14500899$z02-07-07 996 $aMultidimensional hyperbolic partial differential equations$91463175 997 $aUNISALENTO 998 $ale013$b22-05-07$cm$da $e-$feng$genk$h0$i0